| 000 | 00520nam a2200169Ia 4500 | ||
|---|---|---|---|
| 999 |
_c35259 _d35259 |
||
| 003 | OSt | ||
| 005 | 20201211132023.0 | ||
| 008 | 190216s9999||||xx |||||||||||||| ||und|| | ||
| 040 | _coclc | ||
| 082 |
_a595.7 _bAUT/T |
||
| 100 |
_aAuthors _91880 |
||
| 245 | 4 |
_aThe Year Book Of Agriculture 1952 / _cAuthors |
|
| 260 |
_bOxford And Ibh Publishing Co. Pvt Ltd, _c1952. _aNew Delhi: |
||
| 300 | _a751p | ||
| 650 | _aAgriculture & Related Technologies | ||
| 942 |
_cREF _2ddc _h595.7 _iAUT/T _k595.7 _mAUT/T |
||